Estudio de Opinión Pública Unimer RI - La Nación enero 2002: efectuada entre el 8 y el 11 de enero del 2002 /
Na minha lista:
| Autor principal: | |
|---|---|
| Autor Corporativo: | |
| Outros Autores: | |
| Formato: | Desconhecido |
| Publicado em: |
San José:
Unimer
|
| Assuntos: | |
| Tags: |
Adicionar Tag
Sem tags, seja o primeiro a adicionar uma tag!
|
MARC
| LEADER | 00000 a2200000 04500 | ||
|---|---|---|---|
| 001 | 27915 | ||
| 003 | |||
| 008 | 991231s d | ||
| 040 | |||
| 090 | |a 186708 |b ENCUESTA | ||
| 100 | |a Paniagua, Carlos G. | ||
| 110 | |a Unimer Research International | ||
| 245 | |a Estudio de Opinión Pública Unimer RI - La Nación enero 2002: efectuada entre el 8 y el 11 de enero del 2002 / |c Carlos G. Paniagua | ||
| 260 | |a San José: |b Unimer | ||
| 300 | |a s.p; 1 vol. | ||
| 650 | |a MEDIOS DE COMUNICACION DE MASAS | ||
| 650 | |a ASPECTOS POLITICOS | ||
| 700 | |a García S, Cathalina | ||
| 999 | |c 12842 |d 12842 | ||
